<?xml version="1.0" encoding="UTF-8"?><?xml-stylesheet type="text/xsl" href="static/style.xsl"?><OAI-PMH xmlns="http://www.openarchives.org/OAI/2.0/" xmlns:xsi="http://www.w3.org/2001/XMLSchema-instance" xsi:schemaLocation="http://www.openarchives.org/OAI/2.0/ http://www.openarchives.org/OAI/2.0/OAI-PMH.xsd"><responseDate>2026-04-29T04:10:09Z</responseDate><request verb="GetRecord" identifier="oai:repisalud.isciii.es:20.500.12105/11475" metadataPrefix="marc">https://repisalud.isciii.es/rest/oai/request</request><GetRecord><record><header><identifier>oai:repisalud.isciii.es:20.500.12105/11475</identifier><datestamp>2025-06-24T11:25:02Z</datestamp><setSpec>com_20.500.12105_2052</setSpec><setSpec>com_20.500.12105_2051</setSpec><setSpec>com_20.500.12105_15322</setSpec><setSpec>col_20.500.12105_19608</setSpec><setSpec>col_20.500.12105_16963</setSpec></header><metadata><record xmlns="http://www.loc.gov/MARC21/slim" xmlns:dcterms="http://purl.org/dc/terms/" xmlns:doc="http://www.lyncode.com/xoai" xmlns:xsi="http://www.w3.org/2001/XMLSchema-instance" xsi:schemaLocation="http://www.loc.gov/MARC21/slim http://www.loc.gov/standards/marcxml/schema/MARC21slim.xsd">
   <leader>00925njm 22002777a 4500</leader>
   <datafield ind2=" " ind1=" " tag="042">
      <subfield code="a">dc</subfield>
   </datafield>
   <datafield ind2=" " ind1=" " tag="720">
      <subfield code="a">Galan, Iñaki</subfield>
      <subfield code="e">author</subfield>
   </datafield>
   <datafield ind2=" " ind1=" " tag="720">
      <subfield code="a">Segura-García, Lidia</subfield>
      <subfield code="e">author</subfield>
   </datafield>
   <datafield ind2=" " ind1=" " tag="720">
      <subfield code="a">Álvarez, F Javier</subfield>
      <subfield code="e">author</subfield>
   </datafield>
   <datafield ind2=" " ind1=" " tag="720">
      <subfield code="a">Bosque-Prous, Marina</subfield>
      <subfield code="e">author</subfield>
   </datafield>
   <datafield ind2=" " ind1=" " tag="260">
      <subfield code="c">2020-11-13</subfield>
   </datafield>
   <datafield ind2=" " ind1=" " tag="520">
      <subfield code="a">[ES] Fundamentos: Existe gran controversia sobre si el consumo de diversos tipos de bebidas alcohólicas tiene efectos diferenciados en la salud. El objetivo de este estu dio fue realizar una revisión paraguas de los estudios que describían la asociación del consumo de diferentes tipos de bebidas alcohólicas con diversos indicadores de salud. Métodos: Se realizó una búsqueda a través de PubMed (entre enero de 2000 y febrero de 2019) de revisiones siste máticas y metaanálisis que reportaban resultados cuantita tivos de la asociación entre el consumo de diferentes tipos de bebidas alcohólicas y efectos en salud. Se identificaron 26 estudios: veintiuno estaban relacionados con cáncer, tres con enfermedades cardiometabólicas, dos con neurodege nerativas y uno con mortalidad general. Resultados: Los resultados fueron heterogéneos. Las grandes diferencias metodológicas en la estimación de la ingesta de alcohol, el control de las variables con fusoras y el contraste de las estimaciones entre el tipo de bebidas hacían muy difícil concluir sobre si provocaban un efecto desigual en la salud. En la mortalidad general y las enfermedades cardiometabólicas, aunque parece que la cerveza y los licores tenían un mayor efecto negativo que el vino, las diferencias entre tipos de bebidas no eran estadísticamente significativas. Respecto al cáncer, en aquellos tipos cuya evidencia causal era totalmente con sistente (orofaringe, colorrectal y de mama [mujeres]), las revisiones no mostraban un efecto diferenciado según los tipos de bebidas alcohólicas. Respecto a las enfermedades neurodegenerativas, la información disponible tampoco permitía establecer claras conclusiones. Conclusiones: La evidencia revisada no permite afirmar que el consumo de vino, cerveza o licores tenga un efecto diferencial en las enfermedades cardiometabóli cas, las neurodegenerativas o el cáncer. [EN] Background: There is great controversy about whether the consumption of different types of alcoholic beverages has different effects on health. The objective was to carry out an umbrella review of the studies that described the association between the consumption of different types of alcoholic beverages and various health indicators. Methods: Search through PubMed (from January 2000 to February 2019) of systematic reviews and meta-analysis that reported quantitative results of the association between the consumption of different types of alcoholic beverages and health effects. 26 studies were identified: 21 related to cancer, three to cardiometabolic diseases, two to neurodegenerative diseases, and one to general mortality. Results: The results were heterogeneous. The great methodological differences in the estimation of alcohol intake, control of confounding variables, and the evaluation of statistical difference between types of beverages, made it very difficult to conclude whether they cause an unequal effect on health. In general mortality and cardiometabolic diseases, it was suggested that beer and spirits appear to have a greater negative effect than wine, but the differences were not statistically significant. Regarding cancer, in those types where the causal evidence is totally consistent: oropharynx, colorectal and breast (women), the reviews did not show a differentiated effect according to the type of alcoholic beverages. Regarding neurodegenerative diseases, the available information did not allow clear conclusions to be drawn. Conclusions: The reviewed evidence does not allow to conclude that the consumption of wine, beer or spirits, has a differential effect on cardiometabolic, cancer or neurodegenerative diseases.</subfield>
   </datafield>
   <datafield ind1="8" ind2=" " tag="024">
      <subfield code="a">Rev Esp Salud Publica. 2020 Nov 13;94:e202011147</subfield>
   </datafield>
   <datafield ind1="8" ind2=" " tag="024">
      <subfield code="a">http://hdl.handle.net/20.500.12105/11475</subfield>
   </datafield>
   <datafield ind1="8" ind2=" " tag="024">
      <subfield code="a">33177485</subfield>
   </datafield>
   <datafield ind1="8" ind2=" " tag="024">
      <subfield code="a">2173-9110</subfield>
   </datafield>
   <datafield ind1="8" ind2=" " tag="024">
      <subfield code="a">Revista española de salud publica</subfield>
   </datafield>
   <datafield tag="653" ind2=" " ind1=" ">
      <subfield code="a">Efectos en salud</subfield>
   </datafield>
   <datafield tag="653" ind2=" " ind1=" ">
      <subfield code="a">Bebidas alcohólicas</subfield>
   </datafield>
   <datafield tag="653" ind2=" " ind1=" ">
      <subfield code="a">Enfermedades cardiometabólicas</subfield>
   </datafield>
   <datafield tag="653" ind2=" " ind1=" ">
      <subfield code="a">Cáncer</subfield>
   </datafield>
   <datafield tag="653" ind2=" " ind1=" ">
      <subfield code="a">Enfermedades neurodegenerativas</subfield>
   </datafield>
   <datafield tag="653" ind2=" " ind1=" ">
      <subfield code="a">Revisión paraguas</subfield>
   </datafield>
   <datafield tag="653" ind2=" " ind1=" ">
      <subfield code="a">Alcoholic  beverages</subfield>
   </datafield>
   <datafield tag="653" ind2=" " ind1=" ">
      <subfield code="a">Health  effects</subfield>
   </datafield>
   <datafield tag="653" ind2=" " ind1=" ">
      <subfield code="a">Cardiometabolic diseases</subfield>
   </datafield>
   <datafield tag="653" ind2=" " ind1=" ">
      <subfield code="a">Cancer</subfield>
   </datafield>
   <datafield tag="653" ind2=" " ind1=" ">
      <subfield code="a">Neurodegenerative diseases</subfield>
   </datafield>
   <datafield tag="653" ind2=" " ind1=" ">
      <subfield code="a">Umbrella review</subfield>
   </datafield>
   <datafield ind2="0" ind1="0" tag="245">
      <subfield code="a">Tipos de bebidas alcohólicas y efectos diferenciados en la salud: una revisión paraguas de estudios observacionales</subfield>
   </datafield>
</record></metadata></record></GetRecord></OAI-PMH>